Statistics for Campeões do Campeonato Alagoano

Click here to take the quiz!

General Stats

  • This quiz has been taken 4 times
  • The average score is 7 of 11

Answer Stats

TítulosClube% Correct
07 títulosASA
100%
33 títulosCRB
100%
40 títulosCSA
100%
03 títulosCapelense
75%
03 títulosCoruripe
75%
01 títuloMurici
75%
01 títuloCorinthians
50%
01 títuloAlexandria
25%
01 títuloBarroso
25%
01 título
Ferroviário
25%
02 títulosSanta Cruz
25%

Score Distribution

Percentile by Number Answered

Percent of People with Each Score

Your Score History

You have not taken this quiz